[Event "Fete du travail"]
[Site "Charlesbourg CAN"]
[Date "2014.08.29"]
[Round "1"]
[White "Boissinot, Claude"]
[Black "Bourassa, Andre"]
[Result "0-1"]
[WhiteElo "1530"]
[BlackElo "1738"]
[PlyCount "72"]
[EventDate "2014.08.29"]
[EventType "swiss"]
[EventRounds "5"]
[EventCountry "CAN"]

1. e4 c5 2. d4 cxd4 3. c3 d3 4. Bxd3 Nc6 5. Nf3 e5 6. Be3 Nf6 7. h3 d5 8. Bb5
Nxe4 9. Nxe5 Qd6 10. Nf3 Be7 11. Nbd2 Nxd2 12. Qxd2 O-O 13. O-O Be6 14. Rad1
Rfd8 15. Be2 Qc7 16. Bd3 Bf6 17. Bb1 Re8 18. Qc2 g6 19. Qc1 Rad8 20. Bg5 Qe7
21. Rfe1 Bxg5 22. Nxg5 Qf6 23. h4 Ne5 24. Rd4 Qg7 25. Qd1 h6 26. Nxe6 Rxe6 27.
Rxd5 Rxd5 28. Qxd5 Nf3+ 29. Qxf3 Rxe1+ 30. Kh2 Qe5+ 31. g3 Rxb1 32. Qxb7 Qe1
33. Qb8+ Kg7 34. Kh3 h5 35. g4 Qh1+ 36. Kg3 Qe4 0-1

[Event "Fete du travail"]
[Site "Charlesbourg CAN"]
[Date "2014.08.29"]
[Round "1"]
[White "Bolduc, Steve"]
[Black "Tremblay-Alix, Eric"]
[Result "1-0"]
[WhiteElo "2245"]
[BlackElo "1903"]
[PlyCount "69"]
[EventDate "2014.08.29"]
[EventType "swiss"]
[EventRounds "5"]
[EventCountry "CAN"]

1. d4 e6 2. Bf4 d5 3. e3 c5 4. c3 Nc6 5. Nd2 Nf6 6. Ngf3 Qb6 7. Rb1 cxd4 8.
exd4 Be7 9. Ne5 O-O 10. Bd3 Nxe5 11. dxe5 Ne8 12. O-O g6 13. Nf3 Qd8 14. Re1
Ng7 15. Qd2 f6 16. exf6 Bxf6 17. Be5 Bxe5 18. Nxe5 Qf6 19. Re2 Qf4 20. Qe1 Rf6
21. Rd1 Nf5 22. g3 Qa4 23. Bc2 Qxa2 24. Ra1 Qxb2 25. Bxf5 Qb6 26. Bd3 Qd6 27.
Qc1 Bd7 28. Qa3 Qxa3 29. Rxa3 Be8 30. Rb2 Bc6 31. Bb5 Rc8 32. Bxc6 bxc6 33.
Rxa7 Rf5 34. f4 c5 35. Rbb7 1-0

[Event "Fete du travail"]
[Site "Charlesbourg CAN"]
[Date "2014.08.29"]
[Round "1"]
[White "Drolet, Stephane"]
[Black "Boulianne, Gabriel"]
[Result "1-0"]
[WhiteElo "2150"]
[BlackElo "1790"]
[PlyCount "83"]
[EventDate "2014.08.29"]
[EventType "swiss"]
[EventRounds "5"]
[EventCountry "CAN"]

1. d4 Nf6 2. Nf3 c5 3. c3 e6 4. Bg5 Be7 5. Nbd2 d5 6. e3 O-O 7. Bd3 h6 8. Bh4
cxd4 9. exd4 Nc6 10. O-O a5 11. h3 b6 12. Qe2 Qc7 13. Ne5 Nxe5 14. dxe5 Ne8 15.
Bg3 Bc5 16. Nf3 Qa7 17. Nd4 Nc7 18. a4 Bxd4 19. cxd4 Ba6 20. Rad1 Rfc8 21. f4
Bxd3 22. Rxd3 Na6 23. Bh4 Nb4 24. Rg3 b5 25. Qh5 Kh7 26. Rxg7+ Kxg7 27. Bf6+
Kf8 28. Qxh6+ Ke8 29. Qg7 Qxd4+ 30. Kh2 Qc5 31. f5 Qf8 32. Qh7 exf5 33. Rxf5
Nc6 34. Rg5 Kd7 35. axb5 Ne7 36. Rg7 Ke6 37. Qh5 Rc4 38. Rh7 Ng6 39. Qf3 Nxe5
40. Bxe5 Kxe5 41. Rxf7 Qd6 42. Qg3+ 1-0

[Event "Fete du travail"]
[Site "Charlesbourg CAN"]
[Date "2014.08.29"]
[Round "1"]
[White "Dube, Daniel"]
[Black "Tremblay, Rejean"]
[Result "0-1"]
[WhiteElo "1842"]
[BlackElo "2206"]
[PlyCount "78"]
[EventDate "2014.08.29"]
[EventType "swiss"]
[EventRounds "5"]
[EventCountry "CAN"]

1. e4 c5 2. Nf3 d6 3. d4 cxd4 4. Nxd4 Nf6 5. Nc3 a6 6. f4 e5 7. Nf3 Qc7 8. Bd3
Nbd7 9. O-O Be7 10. Kh1 b5 11. a3 Bb7 12. fxe5 dxe5 13. Nh4 g6 14. Qf3 O-O-O
15. Be3 Nc5 16. Bg5 Rd6 17. Qh3+ Kb8 18. Bxf6 Bxf6 19. Rf3 Rhd8 20. Raf1 Bxh4
21. Qxh4 f5 22. Rh3 fxe4 23. Nxe4 Rd4 24. Re3 Nxd3 25. cxd3 Rxd3 26. Rxd3 Rxd3
27. Rf8+ Ka7 28. Qf2+ Qb6 29. Qxb6+ Kxb6 30. Rf6+ Ka7 31. Nc3 Rd2 32. Rf7 Rxb2
33. h4 Kb6 34. Rxh7 Bc6 35. h5 gxh5 36. Rh6 Kc5 37. Rxh5 Rxg2 38. Na4+ Kd4 39.
Rh4+ Rg4+ 0-1

[Event "Fete du travail"]
[Site "Charlesbourg CAN"]
[Date "2014.08.30"]
[Round "2"]
[White "Boulianne, Gabriel"]
[Black "Dube, Daniel"]
[Result "1-0"]
[WhiteElo "1790"]
[BlackElo "1842"]
[PlyCount "105"]
[EventDate "2014.08.29"]
[EventType "swiss"]
[EventRounds "5"]
[EventCountry "CAN"]

1. e4 e6 2. Nf3 c5 3. d4 cxd4 4. Nxd4 Nc6 5. Be3 Nf6 6. Bd3 a6 7. c4 Qc7 8. Nc3
Be7 9. O-O O-O 10. f4 d6 11. Qe2 Bd7 12. Rac1 Nxd4 13. Bxd4 e5 14. Be3 Qa5 15.
b3 Rfc8 16. Nd5 Nxd5 17. cxd5 Bf6 18. f5 Bb5 19. a4 Bd7 20. Qd2 Qxd2 21. Bxd2
Kf8 22. Rxc8+ Rxc8 23. Rc1 Rxc1+ 24. Bxc1 h6 25. g4 Bg5 26. Ba3 Ke7 27. Kg2 Be3
28. h4 a5 29. Kf3 Bd4 30. Bc1 Bc5 31. Ke2 Kd8 32. Bd2 b6 33. Ba6 Bg1 34. Kd3
Kc7 35. Kc4 Bf2 36. h5 Kd8 37. g5 f6 38. gxh6 gxh6 39. Bb5 Bc8 40. Bxh6 Bg3 41.
Be3 Ke7 42. Bxb6 Be1 43. Bd8+ Kf7 44. h6 Bd2 45. h7 Kg7 46. Bxf6+ Kxh7 47. Kd3
Bb4 48. Be8 Kh6 49. Be7 Ba6+ 50. Kc2 Be1 51. Bxd6 Bg3 52. f6 Bh4 53. f7 1-0

[Event "Fete du travail"]
[Site "Charlesbourg CAN"]
[Date "2014.08.30"]
[Round "2"]
[White "Bourassa, Andre"]
[Black "Doyon, Stephane"]
[Result "1-0"]
[WhiteElo "1738"]
[BlackElo "1882"]
[PlyCount "81"]
[EventDate "2014.08.29"]
[EventType "swiss"]
[EventRounds "5"]
[EventCountry "CAN"]

1. d4 d5 2. c4 c6 3. e3 Nf6 4. Nc3 e6 5. Bd3 Nbd7 6. Nf3 dxc4 7. Bxc4 b5 8. Bd3
Bb7 9. e4 Be7 10. e5 Nd5 11. Nxd5 cxd5 12. O-O a6 13. Bd2 O-O 14. Rc1 Rc8 15.
Rxc8 Qxc8 16. Qb1 g6 17. Rc1 Qb8 18. Bh6 Rc8 19. h4 Bf8 20. Bxf8 Nxf8 21. Rxc8
Qxc8 22. Qe1 Qc7 23. Qe3 b4 24. g4 a5 25. h5 Bc8 26. Qg5 a4 27. h6 a3 28. bxa3
bxa3 29. Kg2 f6 30. Qxf6 Qf7 31. Qxf7+ Kxf7 32. Ne1 g5 33. Nf3 Bd7 34. Nxg5+
Kg8 35. f4 Ba4 36. f5 exf5 37. gxf5 Nd7 38. f6 Kh8 39. f7 Nf8 40. e6 Be8 41. e7
1-0

[Event "Fete du travail"]
[Site "Charlesbourg CAN"]
[Date "2014.08.31"]
[Round "2"]
[White "Genest, Dominic"]
[Black "Couture, Francois"]
[Result "1-0"]
[WhiteElo "1303"]
[BlackElo "1062"]
[PlyCount "125"]
[EventDate "2014.08.29"]
[EventType "swiss"]
[EventRounds "5"]
[EventCountry "CAN"]

1. c4 f5 2. Nc3 Nf6 3. g3 d6 4. Bg2 g6 5. d3 Nc6 6. Rb1 e5 7. b4 Nd4 8. Nf3 c6
9. Nxd4 exd4 10. Na4 Bg7 11. Bb2 Nd7 12. e3 Qe7 13. Qe2 O-O 14. Bxd4 Bxd4 15.
exd4 Qxe2+ 16. Kxe2 Re8+ 17. Kd2 Rb8 18. Rhe1 Nf6 19. Rxe8+ Nxe8 20. Nc3 Bd7
21. d5 Rc8 22. dxc6 Bxc6 23. Bf1 Nf6 24. Be2 h5 25. b5 Bg2 26. Nd1 Ng4 27. Bxg4
hxg4 28. Ne3 Bf3 29. Re1 Kg7 30. Nc2 Kf6 31. Nd4 d5 32. Nxf3 gxf3 33. Kc3 g5
34. h4 gxh4 35. gxh4 Rh8 36. Rh1 Ke6 37. c5 b6 38. c6 Kd6 39. d4 a6 40. a4 a5
41. h5 Rh6 42. Kd3 f4 43. Rh4 Kc7 44. Rxf4 Rxh5 45. Rxf3 Rh7 46. Rf5 Kd6 47.
Rg5 Rf7 48. Ke3 Re7+ 49. Kf3 Re4 50. Rg4 Re6 51. Rg8 Rf6+ 52. Kg3 Rf7 53. Rd8+
Kc7 54. Rxd5 Rf6 55. f4 Re6 56. Rd7+ Kc8 57. f5 Rf6 58. Kf4 Rf8 59. Kg5 Kb8 60.
f6 Rg8+ 61. Rg7 Rf8 62. f7 Kc7 63. Kf6 1-0

[Event "Fete du travail"]
[Site "Charlesbourg CAN"]
[Date "2014.08.29"]
[Round "2"]
[White "Tremblay, Rejean"]
[Black "Bolduc, Steve"]
[Result "1/2-1/2"]
[WhiteElo "2206"]
[BlackElo "2245"]
[PlyCount "55"]
[EventDate "2014.08.29"]
[EventType "swiss"]
[EventRounds "5"]
[EventCountry "CAN"]

1. d4 Nf6 2. c4 e6 3. Nf3 Bb4+ 4. Bd2 Qe7 5. e3 Bxd2+ 6. Nbxd2 d6 7. Bd3 e5 8.
Ne4 Nxe4 9. Bxe4 f5 10. Bc2 e4 11. Ng1 Be6 12. b3 Bf7 13. g4 Nd7 14. gxf5 Nf6
15. Ne2 Bh5 16. Qd2 O-O-O 17. Rg1 Ng4 18. Rg2 Qh4 19. O-O-O Nxf2 20. Rf1 Nd3+
21. Bxd3 exd3 22. Nf4 Be2 23. Rfg1 Rd7 24. Nxd3 Bxd3 25. Qxd3 Qf6 26. e4 Re8
27. Kb1 Rde7 28. Re2 1/2-1/2

[Event "Fete du travail"]
[Site "Charlesbourg CAN"]
[Date "2014.08.29"]
[Round "2"]
[White "Tremblay-Alix, Eric"]
[Black "Jean, Martin"]
[Result "1-0"]
[WhiteElo "1903"]
[BlackElo "1534"]
[PlyCount "81"]
[EventDate "2014.08.29"]
[EventType "swiss"]
[EventRounds "5"]
[EventCountry "CAN"]

1. c4 Nf6 2. Nf3 g6 3. Nc3 Bg7 4. e4 d6 5. d4 O-O 6. Bd3 Nfd7 7. Be3 c5 8. Qd2
cxd4 9. Nxd4 Ne5 10. Be2 Nbc6 11. h4 Ng4 12. Nxc6 bxc6 13. Bg5 Qb6 14. O-O Qc7
15. Rad1 Rb8 16. b3 d5 17. Bf4 e5 18. Bg3 d4 19. Na4 c5 20. Bxg4 Bxg4 21. f3
Bd7 22. Nb2 a5 23. Nd3 f5 24. exf5 Bxf5 25. Rfe1 Bxd3 26. Qxd3 Rfe8 27. Re4 Rb6
28. Rde1 Rbe6 29. f4 Qf7 30. Qd2 Bh6 31. Qxa5 Qf8 32. Qc7 Rc8 33. Qd7 Rd6 34.
Qg4 exf4 35. Bxf4 Rdd8 36. Qe6+ Kh8 37. Be5+ Bg7 38. Rf1 Qg8 39. Rf7 Re8 40.
Bxg7+ Qxg7 41. Qxe8+ 1-0

[Event "Fete du travail"]
[Site "Charlesbourg CAN"]
[Date "2014.08.30"]
[Round "3"]
[White "Drolet, Stephane"]
[Black "Tremblay, Rejean"]
[Result "1/2-1/2"]
[WhiteElo "2150"]
[BlackElo "2206"]
[PlyCount "46"]
[EventDate "2014.08.29"]
[EventType "swiss"]
[EventRounds "5"]
[EventCountry "CAN"]

1. d4 Nf6 2. Nf3 e6 3. Bg5 d5 4. Nbd2 Be7 5. e3 b6 6. c3 Bb7 7. Bd3 Nbd7 8. O-O
O-O 9. Qe2 c5 10. Bxf6 Nxf6 11. Ne5 Nd7 12. f4 f5 13. Nxd7 Qxd7 14. g4 c4 15.
Bc2 b5 16. Nf3 Bd6 17. Ne5 Bxe5 18. fxe5 g6 19. Qg2 fxg4 20. Qxg4 Rxf1+ 21.
Rxf1 Rf8 22. Rxf8+ Kxf8 23. Qf4+ Qf7 1/2-1/2

[Event "Fete du travail"]
[Site "Charlesbourg CAN"]
[Date "2014.08.31"]
[Round "3"]
[White "Gignac, Guy"]
[Black "Genest, Dominic"]
[Result "1/2-1/2"]
[WhiteElo "1527"]
[BlackElo "1303"]
[PlyCount "68"]
[EventDate "2014.08.29"]
[EventType "swiss"]
[EventRounds "5"]
[EventCountry "CAN"]

1. d4 d5 2. c4 e6 3. e3 Nf6 4. Nc3 Nbd7 5. cxd5 exd5 6. a3 a5 7. Bd3 c6 8. a4
Bd6 9. Nf3 O-O 10. O-O Re8 11. Nd2 Nf8 12. h3 Ne6 13. Nf3 b6 14. e4 dxe4 15.
Nxe4 Bb4 16. Nxf6+ Qxf6 17. Be3 Ba6 18. Bxa6 Rxa6 19. Qd3 Ra7 20. Rac1 Rc7 21.
Qe4 Rec8 22. d5 Nc5 23. Bxc5 cxd5 24. Qxd5 Bxc5 25. Rc2 Rd8 26. Qb3 Rcd7 27.
Re1 Rd3 28. Qb5 Rd1 29. Rce2 Rxe1+ 30. Rxe1 Qd6 31. Re8+ Rxe8 32. Qxe8+ Qf8 33.
Qe2 Qe7 34. Qc2 h6 1/2-1/2

[Event "Fete du travail"]
[Site "Charlesbourg CAN"]
[Date "2014.08.30"]
[Round "3"]
[White "Jean, Martin"]
[Black "Boulianne, Gabriel"]
[Result "1-0"]
[WhiteElo "1534"]
[BlackElo "1790"]
[PlyCount "89"]
[EventDate "2014.08.29"]
[EventType "swiss"]
[EventRounds "5"]
[EventCountry "CAN"]

1. g3 d5 2. Nf3 c5 3. Bg2 Nc6 4. d3 e5 5. O-O Nf6 6. Nbd2 Be7 7. c4 d4 8. Ne1
O-O 9. a3 Bd7 10. Ne4 Bf5 11. Nxf6+ Bxf6 12. Rb1 a5 13. Bd2 Be7 14. Nc2 Rc8 15.
b4 axb4 16. axb4 b6 17. b5 Nb8 18. Ra1 Qd7 19. Ra2 Bh3 20. Ne1 Bxg2 21. Kxg2
Qb7+ 22. Kg1 Nd7 23. Ng2 f5 24. Qa1 Ra8 25. Ra6 Rxa6 26. bxa6 Qa7 27. Qa4 Nb8
28. Ra1 Rc8 29. Ne1 Nc6 30. Nc2 Qc7 31. Na3 Ra8 32. Nb5 Qc8 33. a7 Qd7 34. Qb3
Qb7 35. Ra4 h6 36. e3 g5 37. Qd1 Kg7 38. Qf3 Kf6 39. e4 f4 40. Qg4 Bf8 41. h4
Be7 42. hxg5+ hxg5 43. Qf5+ Kg7 44. Kg2 Rf8 45. Qxf8+ 1-0

[Event "Fete du travail"]
[Site "Charlesbourg CAN"]
[Date "2014.08.30"]
[Round "3"]
[White "Lessard, Claude"]
[Black "Tremblay-Alix, Eric"]
[Result "1-0"]
[WhiteElo "1999"]
[BlackElo "1903"]
[PlyCount "89"]
[EventDate "2014.08.29"]
[EventType "swiss"]
[EventRounds "5"]
[EventCountry "CAN"]

1. d4 Nf6 2. Nf3 g6 3. g3 Bg7 4. Bg2 d5 5. c4 O-O 6. O-O Nc6 7. b3 Bf5 8. Bb2
Nb4 9. Nc3 c6 10. a3 Na6 11. c5 Ne4 12. b4 Nc7 13. a4 f6 14. Qb3 e5 15. e3 Bg4
16. Nxe4 Kh8 17. Nd6 e4 18. Nd2 Ne6 19. Nxb7 Qd7 20. Na5 Ng5 21. f4 Nh3+ 22.
Bxh3 Bxh3 23. Rf2 h5 24. Qd1 Rg8 25. Nf1 Bg4 26. Qe1 h4 27. b5 Bf3 28. Rxf3
exf3 29. Nxc6 Bf8 30. Qf2 Qg4 31. Nd2 hxg3 32. Qxg3 Qf5 33. Nb4 g5 34. Kf2 gxf4
35. Qh4+ Qh7 36. Qxh7+ Kxh7 37. Nxf3 fxe3+ 38. Kxe3 Rg2 39. Bc3 Re8+ 40. Kd3
Rf2 41. Nxd5 Rxf3+ 42. Kc4 Rf5 43. a5 Rd8 44. Nc7 Rc8 45. b6 1-0

[Event "Fete du travail"]
[Site "Charlesbourg CAN"]
[Date "2014.08.30"]
[Round "3"]
[White "Sarra-Bournet, Marc"]
[Black "Bourassa, Andre"]
[Result "0-1"]
[WhiteElo "1882"]
[BlackElo "1738"]
[PlyCount "58"]
[EventDate "2014.08.29"]
[EventType "swiss"]
[EventRounds "5"]
[EventCountry "CAN"]

1. e4 c5 2. Nc3 d6 3. f4 Nc6 4. Nf3 Nd4 5. Bc4 Be6 6. Nd5 b5 7. Nxd4 bxc4 8.
Nxe6 fxe6 9. Ne3 g6 10. Nxc4 Bg7 11. c3 Nh6 12. d3 Qd7 13. O-O O-O 14. Be3 Nf7
15. Qe2 d5 16. Na3 d4 17. Bd2 e5 18. f5 gxf5 19. Rxf5 Nd6 20. Rg5 Kh8 21. Qh5
dxc3 22. Rxg7 Kxg7 23. Bh6+ Kh8 24. Qxe5+ Rf6 25. bxc3 Nf7 26. Qxc5 Nxh6 27. d4
Rg8 28. Re1 Qh3 29. Re2 Qf3 0-1

[Event "Fete du travail"]
[Site "Charlesbourg CAN"]
[Date "2014.08.31"]
[Round "4"]
[White "Bourassa, Andre"]
[Black "Cummins, Paul"]
[Result "1/2-1/2"]
[WhiteElo "1738"]
[BlackElo "1789"]
[PlyCount "49"]
[EventDate "2014.08.29"]
[EventType "swiss"]
[EventRounds "5"]
[EventCountry "CAN"]

1. d4 Nf6 2. c4 e6 3. Nc3 d5 4. e3 Nbd7 5. Nf3 c6 6. Bd3 dxc4 7. Bxc4 b5 8. Bd3
a6 9. e4 c5 10. e5 cxd4 11. Nxb5 axb5 12. exf6 Nxf6 13. Bxb5+ Nd7 14. Bxd7+
Bxd7 15. Qxd4 Ra4 16. Qd3 Bb4+ 17. Bd2 Bxd2+ 18. Nxd2 Qa5 19. Qc3 Qxc3 20. bxc3
O-O 21. O-O Rfa8 22. Rfb1 h6 23. Rb2 e5 24. h3 Be6 25. c4 1/2-1/2

[Event "Fete du travail"]
[Site "Charlesbourg CAN"]
[Date "2014.08.30"]
[Round "4"]
[White "Dube, Daniel"]
[Black "Jean, Martin"]
[Result "1-0"]
[WhiteElo "1842"]
[BlackElo "1534"]
[PlyCount "105"]
[EventDate "2014.08.29"]
[EventType "swiss"]
[EventRounds "5"]
[EventCountry "CAN"]

1. b3 Nf6 2. Bb2 e6 3. Nf3 b6 4. g3 Bb7 5. Bg2 Be7 6. O-O O-O 7. d3 Ne8 8. e4
d6 9. Re1 Bf6 10. d4 g6 11. e5 Bg7 12. Nbd2 Nd7 13. Nc4 Rc8 14. Ba3 b5 15. Na5
Ba8 16. Qd2 c5 17. Bb2 Nb6 18. dxc5 dxc5 19. Qxd8 Rxd8 20. Rad1 Nc7 21. Ng5
Bxg2 22. Kxg2 c4 23. Ba3 Rfe8 24. Bd6 Ncd5 25. Ne4 cxb3 26. cxb3 Rc8 27. Rc1
Rxc1 28. Rxc1 Rc8 29. Rxc8+ Nxc8 30. f4 Ne3+ 31. Kf3 Nd5 32. Bb8 Nb4 33. a3 Nc2
34. Nd6 Nxd6 35. exd6 Kf8 36. Bxa7 Nxa3 37. d7 Ke7 38. Bc5+ Kxd7 39. Bxa3 Bc3
40. b4 Kd6 41. Ke4 f6 42. Kd3 Ba1 43. Nb7+ Ke7 44. Nc5 e5 45. Nb3 Bd4 46. Nxd4
exd4 47. Kxd4 Kd6 48. Bc1 Kc6 49. Ke4 f5+ 50. Kd4 Kd6 51. Be3 Kc6 52. Ke5 Kd7
53. Kd5 1-0

[Event "Fete du travail"]
[Site "Charlesbourg CAN"]
[Date "2014.08.30"]
[Round "4"]
[White "Hirschberg, Valerian"]
[Black "Tremblay, Rejean"]
[Result "1-0"]
[WhiteElo "2316"]
[BlackElo "2206"]
[PlyCount "202"]
[EventDate "2014.08.29"]
[EventType "swiss"]
[EventRounds "5"]
[EventCountry "CAN"]

1. Nf3 Nf6 2. c4 g6 3. g3 Bg7 4. Bg2 O-O 5. d4 d6 6. Nc3 Nc6 7. O-O Bf5 8. d5
Na5 9. Nd4 Bd7 10. Qd3 c5 11. Nc2 a6 12. h3 b5 13. b3 bxc4 14. bxc4 Rb8 15. e4
e6 16. Bf4 e5 17. Bd2 Nh5 18. Rab1 f5 19. Rxb8 Qxb8 20. Rb1 Qc7 21. Ne3 f4 22.
Ng4 g5 23. Nd1 h6 24. Qc3 Nb7 25. Qa3 Ra8 26. Kh2 Nf6 27. Bf3 Ne8 28. Kg2 h5
29. Nh2 Nf6 30. g4 Qc8 31. Rb6 a5 32. Nc3 Bf8 33. Qb3 Rb8 34. Qd1 Be7 35. Be2
Kg7 36. f3 Bd8 37. Rb2 hxg4 38. hxg4 Be8 39. Qb1 Nd7 40. Bd1 Nf8 41. Ba4 Bxa4
42. Nxa4 Nd7 43. Nc3 Bc7 44. Nb5 Bb6 45. Nc3 Bc7 46. Nf1 Kf6 47. Be1 Ke7 48.
Nd2 Nf6 49. Qa1 Qh8 50. Bf2 Nd7 51. Ndb1 Nb6 52. Na3 Qh7 53. Qh1 Qg7 54. Kg1
Ra8 55. Be1 Rh8 56. Rh2 Rxh2 57. Qxh2 a4 58. Qc2 Qh8 59. Nab5 Bb8 60. Nxa4 Nxa4
61. Qxa4 Qh3 62. Qd1 Kd7 63. Qe2 Bc7 64. Qg2 Qxg2+ 65. Kxg2 Ba5 66. Bxa5 Nxa5
67. Na3 Ke7 68. Kf2 Kd8 69. Ke2 Kd7 70. Kd3 Ke7 71. Nb5 Kd7 72. Nc3 Kc7 73. Ne2
Kd7 74. Kc3 Kd8 75. Nc1 Kc7 76. Nb3 Nb7 77. Kb2 Kb6 78. Ka3 Nd8 79. Ka4 Nf7 80.
Nd2 Nd8 81. Nb1 Nf7 82. Nc3 Ka6 83. Nb5 Kb6 84. Kb3 Ka5 85. Na7 Kb6 86. Nc6 Nh6
87. Kc3 Nf7 88. a4 Kb7 89. a5 Ka6 90. Kb3 Nh6 91. Kc2 Nf7 92. Kc3 Kb7 93. Kb3
Ka6 94. Ka4 Nh6 95. Ne7 Nf7 96. Nf5 Kb7 97. Kb5 Kc7 98. a6 Nd8 99. Nxd6 Kxd6
100. a7 Ne6 101. dxe6 Kxe6 1-0

[Event "Fete du travail"]
[Site "Charlesbourg CAN"]
[Date "2014.08.31"]
[Round "5"]
[White "Bourassa, Andre"]
[Black "Gaudreau, Eric"]
[Result "1/2-1/2"]
[WhiteElo "1738"]
[BlackElo "1738"]
[PlyCount "43"]
[EventDate "2014.08.29"]
[EventType "swiss"]
[EventRounds "5"]
[EventCountry "CAN"]

1. d4 d5 2. c4 e6 3. Nc3 c5 4. cxd5 cxd4 5. Qa4+ Bd7 6. Qxd4 exd5 7. Qxd5 Nc6
8. Bg5 Nf6 9. Bxf6 Qxf6 10. O-O-O O-O-O 11. Qf3 Qg5+ 12. e3 Bb4 13. Qd5 Qe7 14.
Qb3 Na5 15. Qc2 Kb8 16. Nf3 Bxc3 17. bxc3 Rc8 18. Kb2 Nc4+ 19. Bxc4 Rxc4 20.
Rd4 Rhc8 21. Rxc4 Rxc4 22. Nd4 1/2-1/2

[Event "Fete du travail"]
[Site "Charlesbourg CAN"]
[Date "2014.08.31"]
[Round "5"]
[White "Hirschberg, Valerian"]
[Black "Dube, Daniel"]
[Result "1-0"]
[WhiteElo "2316"]
[BlackElo "1842"]
[PlyCount "35"]
[EventDate "2014.08.29"]
[EventType "swiss"]
[EventRounds "5"]
[EventCountry "CAN"]

1. Nf3 g6 2. g3 f5 3. d4 Nf6 4. Bg2 Bg7 5. b3 d6 6. Bb2 O-O 7. O-O h6 8. Nbd2
a5 9. c4 Nbd7 10. Qc2 c5 11. d5 Ng4 12. e4 Nde5 13. Nxe5 Nxe5 14. f4 Ng4 15.
Bxg7 Ne3 16. Qc3 Nxf1 17. Bxf8 Qxf8 18. Rxf1 1-0

[Event "Fete du travail"]
[Site "Charlesbourg CAN"]
[Date "2014.08.31"]
[Round "5"]
[White "Michel, Andie"]
[Black "Genest, Dominic"]
[Result "0-1"]
[WhiteElo "1047"]
[BlackElo "1303"]
[PlyCount "78"]
[EventDate "2014.08.29"]
[EventType "swiss"]
[EventRounds "5"]
[EventCountry "CAN"]

1. e4 d6 2. Nf3 g6 3. d4 Nf6 4. Nc3 Bg7 5. Bb5+ c6 6. Be2 Nbd7 7. Bd2 b5 8. a3
Bb7 9. Be3 a6 10. O-O c5 11. d5 c4 12. Bf4 O-O 13. b3 cxb3 14. cxb3 Rc8 15. Rc1
Nc5 16. b4 Ncxe4 17. Nxe4 Nxe4 18. Ng5 Rxc1 19. Qxc1 Nxg5 20. Bxg5 Bxd5 21. Rd1
Bb3 22. Re1 f6 23. Bh6 Qd7 24. Bxg7 Kxg7 25. Qb2 Bc4 26. Bxc4 bxc4 27. Qc3 d5
28. Qe3 e5 29. Qc5 Rc8 30. Qa5 Qb5 31. a4 Qxa5 32. bxa5 Rb8 33. h4 c3 34. Rc1
d4 35. g3 d3 36. Rxc3 d2 37. Rc7+ Kh6 38. Rd7 Rb1+ 39. Kg2 d1=Q 0-1

[Event "Fete du travail"]
[Site "Charlesbourg CAN"]
[Date "2014.08.31"]
[Round "5"]
[White "Tremblay, Rejean"]
[Black "Jean, Martin"]
[Result "1-0"]
[WhiteElo "2206"]
[BlackElo "1534"]
[PlyCount "123"]
[EventDate "2014.08.29"]
[EventType "swiss"]
[EventRounds "5"]
[EventCountry "CAN"]

1. d4 Nf6 2. c4 g6 3. Nc3 Bg7 4. e4 d6 5. Be2 O-O 6. Nf3 Nbd7 7. O-O c5 8. d5
a6 9. h3 Kh8 10. Be3 Ng8 11. Qd2 Ne5 12. Ne1 f5 13. f4 Nf7 14. exf5 gxf5 15.
Rb1 Nf6 16. a3 Bd7 17. b4 b6 18. Bf3 Qc7 19. Nc2 Rab8 20. Be2 Kg8 21. Bf2 Nh8
22. Ne3 Ng6 23. g3 Kh8 24. Kh2 Rg8 25. Bd3 Qc8 26. bxc5 bxc5 27. Rxb8 Qxb8 28.
Qc2 Ne4 29. Nxe4 fxe4 30. Bxe4 Qb2 31. Qxb2 Bxb2 32. Rb1 Bd4 33. Rb6 Bc8 34.
Nd1 Bxf2 35. Nxf2 Nf8 36. Nd1 Nd7 37. Rc6 Nf6 38. Bf3 Kg7 39. g4 Rd8 40. Ne3
Bb7 41. Rb6 Rb8 42. Kg3 Nd7 43. Rb2 Bc8 44. Rxb8 Nxb8 45. g5 a5 46. Bg4 Bxg4
47. Kxg4 Nd7 48. h4 Nf8 49. h5 Kh8 50. Nf5 e6 51. Nxd6 exd5 52. cxd5 Nd7 53.
Nc4 Kg7 54. Kf5 Kf7 55. Ne5+ Nxe5 56. fxe5 c4 57. g6+ hxg6+ 58. hxg6+ Kf8 59.
Kf6 c3 60. g7+ Kg8 61. d6 c2 62. d7 1-0

[Event "Gatineau CC-ch semi-rapide"]
[Site "Gatineau CAN"]
[Date "2014.03.25"]
[Round "1"]
[White "Danis, Jacques"]
[Black "Legare, Gilles"]
[Result "1-0"]
[WhiteElo "1641"]
[BlackElo "1021"]
[PlyCount "94"]
[EventDate "2014.03.25"]
[EventType "swiss (rapid)"]
[EventRounds "6"]
[EventCountry "CAN"]

1. d4 d5 2. Bg5 Nf6 3. Bxf6 exf6 4. e3 c5 5. c3 cxd4 6. cxd4 Bb4+ 7. Nd2 Bxd2+
8. Qxd2 O-O 9. Bd3 g6 10. Ne2 f5 11. O-O Nd7 12. Rac1 Nf6 13. Qc2 a6 14. Qc7
Bd7 15. Qxb7 Bb5 16. Bxb5 axb5 17. a3 Rb8 18. Qc7 Ne4 19. Qxd8 Rbxd8 20. Rfd1
Rc8 21. Nf4 Rxc1 22. Rxc1 Nd6 23. Nxd5 Nc4 24. Rc2 Kg7 25. Nc7 Rb8 26. Na6 Rc8
27. b3 Ra8 28. bxc4 Rxa6 29. cxb5 Rxa3 30. g3 h5 31. Rb2 Ra8 32. Kg2 Rb8 33.
Kf3 g5 34. b6 Kf6 35. b7 Ke6 36. e4 fxe4+ 37. Kxe4 Kd6 38. d5 Kc7 39. Kf5 g4
40. Kg5 Re8 41. b8=Q+ Rxb8 42. Rxb8 Kxb8 43. Kxh5 Kc7 44. Kxg4 Kd6 45. Kf5 Kxd5
46. h4 Kd6 47. Kf6 Kd5 1-0

[Event "Gatineau CC-ch semi-rapide"]
[Site "Gatineau CAN"]
[Date "2014.03.25"]
[Round "1"]
[White "Guimond, Michel"]
[Black "Pilon, Robert"]
[Result "1-0"]
[WhiteElo "1750"]
[BlackElo "1491"]
[PlyCount "63"]
[EventDate "2014.03.25"]
[EventType "swiss (rapid)"]
[EventRounds "6"]
[EventCountry "CAN"]

1. e4 Nc6 2. d4 d5 3. e5 Bf5 4. g4 Be4 5. f3 Bg6 6. h4 h5 7. e6 Qd6 8. Ne2 Qxe6
9. g5 f6 10. Kf2 O-O-O 11. Nf4 Qf7 12. Bh3+ Kb8 13. Ne6 Rd6 14. Re1 Nd8 15.
Nxd8 Rxd8 16. Be6 Qe8 17. Bf4 Bf7 18. Qe2 fxg5 19. hxg5 Bxe6 20. Qxe6 Qd7 21.
Qe5 Qd6 22. Qe6 Qb4 23. Qe5 Rd7 24. Nc3 Qd6 25. Qf5 e6 26. Rxe6 Ne7 27. Rxd6
Nxf5 28. Rxd7 Bd6 29. Bxd6 cxd6 30. Re1 Kc8 31. Rf7 Nxd4 32. Nxd5 1-0

[Event "Gatineau CC-ch semi-rapide"]
[Site "Gatineau CAN"]
[Date "2014.03.25"]
[Round "1"]
[White "Jobin, Gilles G"]
[Black "Traversy, Pierre"]
[Result "1-0"]
[WhiteElo "1650"]
[BlackElo "1284"]
[PlyCount "71"]
[EventDate "2014.03.25"]
[EventType "swiss (rapid)"]
[EventRounds "6"]
[EventCountry "CAN"]

1. d4 d5 2. Nf3 Nc6 3. Bf4 Nf6 4. e3 Bg4 5. h3 Bh5 6. c4 dxc4 7. Bxc4 e6 8. g4
Bg6 9. Qa4 Be4 10. Nbd2 Bb4 11. O-O a6 12. Nxe4 b5 13. Nxf6+ Qxf6 14. Bxb5 O-O
15. Bxc6 Rab8 16. Bxc7 Rbc8 17. Be5 Qe7 18. a3 Bd6 19. Rac1 Bxe5 20. dxe5 Rfd8
21. Qxa6 h6 22. Be4 Rb8 23. Rc2 f6 24. Rfc1 g5 25. Rc7 Rd7 26. Rxd7 Qxd7 27.
Qd6 Qe8 28. Rc6 Rd8 29. Qxe6+ Qxe6 30. Rxe6 fxe5 31. Nxe5 Rd1+ 32. Kg2 Rd2 33.
b4 Rb2 34. Re7 Kf8 35. Ng6+ Kg8 36. Bd5# 1-0

[Event "Gatineau CC-ch semi-rapide"]
[Site "Gatineau CAN"]
[Date "2014.03.25"]
[Round "1"]
[White "Lecorre, Joel"]
[Black "Champetier, Serge"]
[Result "0-1"]
[WhiteElo "1616"]
[BlackElo "1826"]
[PlyCount "47"]
[EventDate "2014.03.25"]
[EventType "swiss (rapid)"]
[EventRounds "6"]
[EventCountry "CAN"]

1. e4 c5 2. Nc3 Nc6 3. g3 g6 4. Bg2 Bg7 5. Nge2 e6 6. f4 Nge7 7. d3 O-O 8. O-O
Nd4 9. Be3 d6 10. Qd2 f5 11. Nd1 Rb8 12. c3 Nxe2+ 13. Qxe2 Nc6 14. Nf2 Re8 15.
Rfd1 Qb6 16. Rab1 Qa6 17. Ra1 b5 18. e5 dxe5 19. fxe5 Nxe5 20. Bxc5 Bb7 21. Bd6
Qxd6 22. Rac1 Bxg2 23. Kxg2 Qb6 24. Kg1 0-1